<?xml version="1.0" encoding="UTF-8"?>
<record
    xmlns:xsi="http://www.w3.org/2001/XMLSchema-instance"
    xsi:schemaLocation="http://www.loc.gov/MARC21/slim http://www.loc.gov/standards/marcxml/schema/MARC21slim.xsd"
    xmlns="http://www.loc.gov/MARC21/slim">

  <leader>01056nam a2200253 a 4500</leader>
  <controlfield tag="001">000031980</controlfield>
  <controlfield tag="003">OSt</controlfield>
  <controlfield tag="005">20221018102753.0</controlfield>
  <controlfield tag="008">110707s195?    dr      r     000 0 spa d</controlfield>
  <datafield tag="040" ind1=" " ind2=" ">
    <subfield code="a">DO-SdBNP</subfield>
    <subfield code="b">spa</subfield>
    <subfield code="c">BNPHU</subfield>
  </datafield>
  <datafield tag="082" ind1=" " ind2="4">
    <subfield code="a">921.683</subfield>
    <subfield code="b">V161do</subfield>
    <subfield code="2">22</subfield>
  </datafield>
  <datafield tag="100" ind1="1" ind2=" ">
    <subfield code="a">Valenzuela, Victor M.</subfield>
    <subfield code="9">58141</subfield>
    <subfield code="d">1920-</subfield>
  </datafield>
  <datafield tag="245" ind1="1" ind2="0">
    <subfield code="a">Dos pensadores Chilenos :</subfield>
    <subfield code="b">Jorge Millas y Waldo Ross /</subfield>
    <subfield code="c">Victor M. Valenzuela.</subfield>
  </datafield>
  <datafield tag="260" ind1=" " ind2=" ">
    <subfield code="a">[Puerto Rico] ;</subfield>
    <subfield code="c">[195?].</subfield>
  </datafield>
  <datafield tag="300" ind1=" " ind2=" ">
    <subfield code="a">16 p. ;</subfield>
    <subfield code="c">23 cm.</subfield>
  </datafield>
  <datafield tag="500" ind1=" " ind2=" ">
    <subfield code="a">Este estudio fue publicado por la Revista Asomante de la Asociaci&#xF3;n de Graduadas de la Universidad de Puerto Rico, San Juan P. R., no. 3-1955. Se reproduce aqu&#xED; para uso de los estudiantes de la c&#xE1;tedra de Filosof&#xED;a Latino Americana de la Universidad de Santo Domingo.</subfield>
  </datafield>
  <datafield tag="504" ind1=" " ind2=" ">
    <subfield code="a">Bibliograf&#xED;a : p. 16</subfield>
  </datafield>
  <datafield tag="590" ind1=" " ind2=" ">
    <subfield code="a">Inventariado, 2018/LP</subfield>
  </datafield>
  <datafield tag="600" ind1="1" ind2="4">
    <subfield code="a"> Millas, Jorge,</subfield>
    <subfield code="d">1919-1982.</subfield>
    <subfield code="9">77322</subfield>
  </datafield>
  <datafield tag="600" ind1="1" ind2="4">
    <subfield code="a">Ross, Waldo, </subfield>
    <subfield code="d">1926- </subfield>
    <subfield code="9">73560</subfield>
  </datafield>
  <datafield tag="650" ind1=" " ind2="4">
    <subfield code="a">Fil&#xF3;sofos chilenos</subfield>
    <subfield code="y">Siglo XX</subfield>
    <subfield code="9">77323</subfield>
  </datafield>
  <datafield tag="910" ind1=" " ind2=" ">
    <subfield code="a">Validado. Control de calidad MFF</subfield>
  </datafield>
  <datafield tag="942" ind1=" " ind2=" ">
    <subfield code="2">ddc</subfield>
    <subfield code="c">LBS1</subfield>
  </datafield>
  <datafield tag="952" ind1=" " ind2=" ">
    <subfield code="0">0</subfield>
    <subfield code="1">0</subfield>
    <subfield code="2">ddc</subfield>
    <subfield code="5">1</subfield>
    <subfield code="7">0</subfield>
    <subfield code="8">GR-RV</subfield>
    <subfield code="a">BNPHU</subfield>
    <subfield code="b">BNPHU</subfield>
    <subfield code="c">HD</subfield>
    <subfield code="d">2011-07-07</subfield>
    <subfield code="o">BNPHU GR-RV 921.683 V161do</subfield>
    <subfield code="p">31980-10</subfield>
    <subfield code="r">2020-06-25</subfield>
    <subfield code="w">2020-06-25</subfield>
    <subfield code="y">LBS1</subfield>
  </datafield>
  <datafield tag="999" ind1=" " ind2=" ">
    <subfield code="c">31471</subfield>
    <subfield code="d">31471</subfield>
  </datafield>
</record>
